00764 2200229 4500001002100000005001700021008004100038035002500079040001200104082001200116084001700128100001900145245012400164260004700288300003300335500007300368504002600441650002100467700001600488850001200504990001800516INLIS00000000000904420150806100917.0  a0010-081500000000482 aYOPDYOG 223a630 aSK 630 Her A aHERI Kurniawan aAplikasi sistem pakar berbasis web diagnosa hama dan penyakit tanaman kopi yang disertai gejala citrac/ Heri Kurniawan aYogyakartabUniversitas Ahmad Dahlanc2006 axvii,130 lembar.c; 29,5 cm. aSkripsi Program Studi Teknik Informatika Fakultas Teknologi Industri aBibliografi: hlm. 130 aTeknik Pertanian aEKO Aribowo aYOPDYOG a47334-PD/A.15